TEXTBOOK OF GENERAL ANATOMY [2ND ED,] (Record no. 8806)

MARC details
000 -LEADER
fixed length control field 00502nam a22001817a 4500
005 - DATE AND TIME OF LATEST TRANSACTION
control field 20251010120332.0
008 - FIXED-LENGTH DATA ELEMENTS--GENERAL INFORMATION
fixed length control field 250909b |||||||| |||| 00| 0 eng d
020 ## - INTERNATIONAL STANDARD BOOK NUMBER
ISBN 978-93-5090-507-4
041 ## - LANGUAGE CODE
Language code of text/sound track or separate title eng
082 ## - DEWEY DECIMAL CLASSIFICATION NUMBER
Classification number 611 RAW-G
100 ## - MAIN ENTRY--AUTHOR NAME
Personal name RAWLANI, SHOBHA AND RAWLANI, SHIVLAL
245 ## - TITLE STATEMENT
Title TEXTBOOK OF GENERAL ANATOMY [2ND ED,]
250 ## - EDITION STATEMENT
Edition statement 2ND ED. 2013
260 ## - PUBLICATION, DISTRIBUTION, ETC. (IMPRINT)
Place of publication NEW DELHI
Name of publisher JAYPEE BROTHERS MEDICAL PUBLISHERS LTD.
300 ## - PHYSICAL DESCRIPTION
Number of Pages 218;P
650 ## - SUBJECT ADDED ENTRY--TOPICAL TERM
Topical Term PARAMEDICAL
942 ## - ADDED ENTRY ELEMENTS (KOHA)
Koha item type Books
Holdings
Lost status Damaged status Collection code Home library Current library Shelving location Date acquired Source of acquisition Cost, normal purchase price Full call number Accession Number Koha item type Serial Enumeration / chronology
    PARAMEDICAL JRU Library JRU Library Reference Section 09/09/2025 PURCHASE 675.00 611 28807 Books  
    PARAMEDICAL JRU Library JRU Library SHELF-28-A 09/09/2025 PURCHASE 675.00 611 28808 Books  
    PARAMEDICAL JRU Library JRU Library SHELF-28-A 09/09/2025 PURCHASE 675.00 611 28809 Books  
    PARAMEDICAL JRU Library JRU Library SHELF-105-A 09/09/2025 PURCHASE 675.00 611 28810 Books  
    PARAMEDICAL JRU Library JRU Library SHELF-105-A 08/10/2025 PURCHASE 675.00 611 RAW-T 28991 Books LBI/000780. DATE-4-10-2025